000 00542cam a22002171 4500
001 sa 68013124
003 DLC
005 20260227112619.0
008 890731s1967 ii b 000 0 hino
010 _asa 68013124
035 _a(OCoLC)20103850
040 _aDLC
_cWaU
_dDLC
042 _apremarc
050 0 0 _aG140
_b.V5
100 1 _aVidyārthī, Nārāyaṇa.
245 1 0 _aSaṃsāra ke pramukha nagara.
260 _c[1967]
300 _a8, 2, 580 p.
_bfold. maps.
_c22 cm.
500 _aIn Hindi.
650 0 _aCities and towns.
999 _c84942
_d84942